02224 2200265 4500001002100000005001500021035002000036007000300056008004100059020001800100082001100118084001700129100002800146245006800174250002000242300002500262700002300287520150700310600001801817264003301835336002101868337003001889338002301919990001601942INLIS00000000000053620260430023847 a0010-0426000535ta260430 g 0 ind  a9786027663374 a155.45 a155.45 ZEN m0 aZen F. HawkaePengarang1 aMisteri indra keenam pada anak /cZen F. Hawka ; editor, Evrine acetakan pertama a152 halaman ;c20 cm0 aEvrineePenyunting aPernahkah Anda mendengar fenomena anak indigo? Bagaimana pandangan Anda terhadap anak seperti itu? Anak indigo merupakan anak yang mempunyai kemampuan istimewa. Ia mampu menerawang masa depan, masa lalu, bahkan bisa berkomunikasi dengan alam gaib. Selain memiliki inteligensi dan intuisi yang sangat tinggi, anak indigo juga memiliki kekebalan tubuh terhadap berbagai macam penyakit mematikan, di atas rata-rata manusia normal. Anak indigo adalah ciri anak yang memiliki indra keenam. Sebenarnya, apa yang dimaksud dengan indra keenam? Apakah indra keenam ini bisa diasah? Dan, adakah hubungan antara indra keenam dengan inteligensi seseorang? Inilah buku yang akan menjawab semua pertanyaan tersebut. Dengan mengombinasikan pemahaman menurut agama, masyarakat tradisional, dan para pakar melalui penelitian, membuat Anda semakin terbuka dengan kemampuan istimewa ini. Bahkan, mungkin membuat Anda ingin melatih indra keenam anak Anda. Penasaran? Segera ambil buku ini, pelajari, dan ciptakan keajaiban di rumah tangga Anda dengan mengikuti beberapa tahapan dan saran menarik dari buku ini, untuk mengasah kemampuan indra keenam anak Anda. Ciri-Ciri Orang yang Mempunyai Indra Keenam Fungsi Indra Keenam menurut Agama, Masyarakat Tradisional, dan Para Pakar Fungsi Indra Keenam dalam Menunjang Prestasi Anak Rahasia di Balik Hilangnya Potensi Indra Keenam Anak Rahasia Mengasah Kemampuan Indra Keenam Anak Empat Unsur Pencapaian dalam Mengasah Indra Keenam Anak 4aAnak Berbakat aJogjakarta :bLaksana,c2012 2rdacontentateks 2rdamediaatanpa perantara 2rdacarrieravolume aKC000998/19